banner-ar

معجم الحضارة المصرية القديمة / (Record no. 57740)

MARC details
000 -الفاتح
حقل البيانات ثابتة الطول 00764nam a2200253Ia 4500
008 - عناصر البيانات ثابتة الطول - معلومات عامة
حقل البيانات ثابتة الطول 140319s9999 xx 000 0 ara d
040 ## - مصدر الفهرسة
وكالة الفهرسة الأصلية GCL /
وكالة النسخ GCL
082 04 - رقم تصنيف ديوى العشرى
رقم التصنيف ق
رقم المادة 932
-- ج م
100 1# - المدخل الرئيسى - إسم شخصى
الإسم الشخصى يويوت، جان
245 10 - بيان العنوان
العنوان معجم الحضارة المصرية القديمة /
بيان المسئوليه,etc يويوت، جان
700 1# - المدخل الاضافى - اسم شخصى
الإسم الشخصى بوزنر، جورج
700 1# - المدخل الاضافى - اسم شخصى
الإسم الشخصى ادواردز، ا
700 1# - المدخل الاضافى - اسم شخصى
الإسم الشخصى ف.ل. ليونيه
700 1# - المدخل الاضافى - اسم شخصى
الإسم الشخصى دوريس، جان
700 1# - المدخل الاضافى - اسم شخصى
الإسم الشخصى امين سلامة
260 ## - PUBLICATION, DISTRIBUTION, ETC. (IMPRINT)
تاريخ النشر أو التوزيع 1992
300 ## - الوصف المادى
التعداد 277 ص
490 ## - بيان السلسلة
عنوان السلسلة
650 04 - المدخل الاضافى بالموضوع-مصطلح موضوعى
مصطلح موضوعي تاريخ
650 04 - المدخل الاضافى بالموضوع-مصطلح موضوعى
مصطلح موضوعي مصر القديمة
650 04 - المدخل الاضافى بالموضوع-مصطلح موضوعى
مصطلح موضوعي الحضارة الفرعونية
942 ## - عناصر المدخل الإضافي( كوها)
مصدر التصنيف او مخطط الترفيف Dewey Decimal Classification
Koha [default] item type كتاب
260 ## - PUBLICATION, DISTRIBUTION, ETC. (IMPRINT)
-- [S.N] :
-- الهيئة المصرية العامة للكتاب ،
Holdings
حالة التراجع حالة الفقد حالة تلف ليس للاعارة المكان المؤقت الموقع الحالى تاريخ الاكتساب اجمالي اﻻعارات رقم الطلب الباركود تاريخ اخر مشاهدة تاريخ تفعيل السعر نوع وعاء كوها
        مكتبة القاهرة الكبرى مكتبة القاهرة الكبرى 03/26/2014   ق\932\ج م 147833 03/26/2014 03/26/2014 كتاب
        مكتبة القاهرة الكبرى مكتبة القاهرة الكبرى 03/26/2014   ق\932\ج م 147834 03/26/2014 03/26/2014 كتاب

Powered By

EGPV